Statistiques concernant Pays les plus proches de Sint Maarten

Cliquez ici pour prendre le quiz!

Statistiques générales

  • Ce quiz a été pris 112 fois
  • Le résultat moyen est 16 sur 20

Statistiques - réponses

kmpays% Correct
1180Cuba
92%
779Venezuela
92%
313Dominique
89%
905Haïti
89%
1381Jamaïque
89%
488Sainte-Lucie
87%
126Antigua-et-
Barbuda
86%
1079Colombie
86%
551République
dominicaine
86%
69Saint-Christophe-
et-Niévès
86%
552Saint-Vincent-et-
les-Grenadines
86%
1491Suriname
86%
788Trinité-et-Tobago
85%
633Grenade
84%
1105Guyana
84%
1445Brésil
83%
636Barbade
82%
1093Bahamas
79%
961Aruba
29%
903Curaçao
25%

Distribution des résultats

Percentile par nombre de réponses

% des personnes avec chaque résultat

Votre développement - résultats

Vous n’avez pas pris ce quiz